| 000 | 00546nam a2200181Ia 4500 | ||
|---|---|---|---|
| 003 | GCL | ||
| 008 | 140319s9999 xx 000 0 ara d | ||
| 040 |
_aGCL / _cGCL |
||
| 082 | 0 | 4 |
_a922.1 _bم ا |
| 100 | 1 | _aالامام محمد عبده | |
| 245 | 1 | 0 |
_aالاعمال الكاملة للامام الشيخ محمد عبده : 5 اجزاء / _cالامام محمد عبده |
| 700 | 1 | _aمحمد عمارة | |
| 490 | _a | ||
| 650 | 0 | 4 | _aمصر |
| 650 | 0 | 4 | _aتاريخ |
| 650 | 0 | 4 | _aتفسير القران الكريم |
| 942 |
_2ddc _cBK |
||
| 999 |
_c39360 _d39360 |
||